Êtes-vous rapide ? Test de rapidité a1,b2... - Statistiques

Statistiques générales
  • Ce quiz a été pris 237 fois
  • Le résultat moyen est 9 sur 13
Statistiques - réponses
Lettre + chiffre Réponse % Correct
A1 A1
100%
B2 B2
97%
C3 C3
96%
D4 D4
94%
E5 E5
93%
F6 F6
90%
G7 G7
85%
H8 H8
79%
I9 I9
68%
J10 J10
55%
K11 K11
37%
L12 L12
24%
M13 M13
17%
Aucun quiz correspondant
Distribution des résultats
% des personnes avec chaque résultat
Percentile par nombre de réponses
Votre historique - résultats
Vous n’avez pas pris ce quiz